Statistics for Guess Taylor Swift Era based on outfit

Click here to take the quiz!

General Stats

  • This quiz has been taken 337 times
    (32 since last reset)
  • The average score is 30 of 34

Answer Stats

Answer% Correct
Fearless
96%
Midnights
96%
Midnights
96%
Midnights
96%
Red
96%
Speak now
96%
1989
92%
1989
92%
Evermore
92%
Fearless
92%
Fearless
92%
Lover
92%
Lover
92%
Reputation
92%
Reputation
92%
Taylor Swift
92%
1989
88%
Lover
88%
Speak Now
88%
Taylor Swift
88%
1989
85%
Evermore
85%
Folklore
85%
Folklore
85%
Midnights
85%
Speak now
85%
Taylor Swift
85%
Evermore
81%
Midnights
81%
Fearless
77%
Red
77%
The Tortured Poets Department
77%
Midnights
69%
Reputation
65%

Score Distribution

Percentile by Number Answered

Percent of People with Each Score

Your Score History

You have not taken this quiz since the last reset